Primeros Auxilios / (Record no. 12160)

000 -CABECERA
fixed length control field 00847nam a22002297a 4500
003 - IDENTIFICADOR DEL NÚMERO DE CONTROL
control field AR-CdUCM
008 - DATOS DE LONGITUD FIJA--INFORMACIÓN GENERAL
fixed length control field 190408b ||||| |||| 00| 0 spa d
040 ## - FUENTE DE LA CATALOGACIÓN
Agencia/entidad que catalogó originalmente la obra MUNICIPALIDAD PROVINCIAL DEL CUSCO
Entidad que transcribió la catalogación BIBLIOTECA MUNICIPAL DEL CUSCO
082 ## - NÚMERO DE LA CLASIFICACIÓN DECIMAL DEWEY
No. de Clasificación ES / 086 /
Notacion interna D542
100 ## - ENTRADA PRINCIPAL--NOMBRE DE PERSONA
Nombre Personal Diaz A. O.
245 ## - MENCIÓN DE TÍTULO
Título Primeros Auxilios /
260 ## - PUBLICACIÓN, DISTRIBUCIÓN, ETC.
Lugar de publicación, distribución, etc. Madrid :
Nombre de la editorial, distribuidor, etc. Ediciones Altea,
Fecha de publicación, distribución, etc. 1977.
300 ## - DESCRIPCIÓN FÍSICA
Nº de Páginas Extensión 110 páginas ;
Otros detalles físicos Fotografías, ilustraciones,
Dimensiones 20 cm.
440 ## - MENCIÓN DE SERIE/PUNTO DE ACCESO ADICIONAL--TÍTULO
Título Enciclopedia de formación laboral
9 (RLIN) 27336
505 ## - NOTA DE CONTENIDO CON FORMATO
Nota de contenido formateada Contenido: Seguridad en el hogar -- Que hacer frente a un accidentado -- Casos que requieren urgente atención...
650 ## - PUNTO DE ACCESO ADICIONAL DE MATERIA--TÉRMINO DE MATERIA
Descriptor EBR
9 (RLIN) 29871
650 ## - PUNTO DE ACCESO ADICIONAL DE MATERIA--TÉRMINO DE MATERIA
Descriptor Formación laboral
9 (RLIN) 29850
650 ## - PUNTO DE ACCESO ADICIONAL DE MATERIA--TÉRMINO DE MATERIA
Descriptor Ministerio educación del Perú
9 (RLIN) 29872
942 ## - ELEMENTOS DE PUNTO DE ACCESO ADICIONAL (KOHA)
Fuente de clasificación
Tipo de item Libros-BMC
945 ## - PROCESAMIENTO DE INFORMACIÓN LOCAL (OCLC)
Catalogador pjha
AAAA-MM-DD - Fecha de ingreso o modificacion 2019-04-08
Holdings
Estado de retiro (separado) Fuente de clasificación o esquema de estanterías Estado dañado Ubicación Sala donde se ubica Nombre de la colección Fecha de adquisición o compra Costo, precio normal en soles Signatura topográfica Código de Barras Última vez visto (Koha) Tipo de ítem (Koha)
No     Sala de Infantes Sala de Infantes Book Cart 2019-04-08 30.00 ES / 086 / D542 SI00001213 2019-04-08 Libros-BMC
No     Sala de Infantes Sala de Infantes Children's Area 2019-04-08 30.00 ES / 086 / D542 / e.2 SI00001431 2019-04-08 Libros-BMC

Powered by Koha